000 01683nam a2200349 i 4500
003 DO-SdBNP
005 20250620105611.0
007 ta
008 250620s1977 dr ac 000 0 spa d
040 _aDO-SdBNP
_bspa
_cBNPHU
_erda
082 _axxxx
_bM986
_222
110 1 _aMuseo de las Casas Reales
_961998
245 1 0 _aPrimera exposición de la moneda colonial de la Española :
_bcatálogo /
_cpresentación, Pedro J. Santiago C. ; expositores, Isaac Rudman, Pablo Smester Tolentino, Manuel García Arévalo, Eugenio Pérez Montas ; textos, Pedro Julio Santiago, Miguel Estrella ; fotos, Onorio Montas
264 _aSanto Domingo :
_bMuseo de las Casas Reales,
_c1977.
300 _a45 páginas ;
_bilustraciones, retratos ;
_c25 cm.
336 _atexto
_btxt
_2rdacontent
337 _asin mediación
_bn
_2rdamedia
338 _avolumen
_bnc
_2rdacarrier
490 1 _aSeparata de "Casa Reales"
_v2
500 _aOrganizada por el Museo de las Casas Reales en ocasión de la inauguración de la Casa de Juan de Villoria, sede del Círculo de Coleccionistas de la Fundación Dominicana de Desarrollo.
590 _aInventariado, 2025/ YL
700 1 _aSantiago C., Pedro J.
_epresentación
_4pr.
_988151
700 1 _aRudman, Isaac
_eexpositores
_4exp.
_955839
700 1 _aSmester Tolentino, Pablo
_eexpositores
_4exp.
_988152
700 1 _aGarcía Arévalo, Manuel
_eexpositores
_4exp.
_982908
700 1 _aPérez Montás, Eugenio
_eexpositores
_4exp.
_913156
700 1 _aSantiago, Pedro Julio
_etextos
_4tex.
_944573
700 1 _aEstrella, Miguel
_etextos
_4tex.
_955840
700 1 _aMontas, Onorio
_efotos
_4fot.
_959042
910 _aYLockward
942 _2ddc
_cLF2
999 _c59348
_d59348